|
|
|
|
| LEADER |
00000nab a2200000 a 4500 |
| 001 |
vtls000695256 |
| 003 |
SK-MaSNL |
| 005 |
20260304084115.0 |
| 008 |
250425c1999 xo 0 slo |
| 015 |
|
|
|a SNBRB1999/06-16188
|
| 035 |
|
|
|a CLN000047423
|
| 035 |
|
|
|a urn:nbn:sk:snk-abizg
|
| 035 |
|
|
|a (urnnbn)urn:nbn:sk:snk:ar-a036u1
|
| 035 |
|
|
|a (uuid)b008bb78-d51c-4d16-a49d-b1ef529b0b39
|
| 040 |
|
|
|a SNKBUCL
|b slo
|c SNKBUCL
|e AACR2
|
| 041 |
0 |
|
|a slo
|
| 044 |
|
|
|a xo
|c SK
|
| 080 |
|
|
|a 392.8(437.6)(048)
|2 1997
|
| 100 |
1 |
|
|a Stoličná, Rastislava,
|d 1948-
|4 aut
|9 102195
|
| 245 |
1 |
0 |
|a Zuskinová Iveta: Kuchyňa starých materí z Liptova
|c Rastislava Stoličná
|
| 650 |
0 |
7 |
|a ľudové jedlá
|2 snkbucl
|9 619157
|
| 650 |
0 |
7 |
|a kuchárske knihy
|2 snkbucl
|9 63303
|
| 651 |
|
7 |
|a Liptov (Slovensko : región)
|2 snkbucl
|9 151081
|
| 655 |
|
7 |
|a recenzie
|2 snkbucl
|9 21907
|
| 655 |
|
7 |
|a články z novín a časopisov
|2 snkbucl
|9 267496
|
| 773 |
0 |
|
|t Slovenský národopis
|g Roč. 47, č. 1 (1999), s. 134-135
|x 1335-1303
|
| 787 |
0 |
8 |
|i Rec.:
|a Zuskinová, Iveta
|t Kuchyňa starých materí z Liptova
|d Liptovský Hrádok : Spoločnosť priateľov Múzea liptovskej dediny, 1998
|z 8096805401
|
| 850 |
|
|
|a Slovenská národná knižnica
|
| 852 |
|
|
|a Slovenská národná knižnica
|
| 954 |
|
|
|a odborná, vedecká literatúra pôvodná (slovenská)
|2 lita
|
| 958 |
|
|
|a article27
|
| 958 |
|
|
|a SK
|
| 958 |
|
|
|a OND
|
| 958 |
|
|
|a EUIPO
|
| 992 |
|
|
|a RBX
|
| 999 |
|
|
|c 2802069
|d 2803999
|